[Event "Creon op 13th"]
[Site "Creon"]
[Date "2008.07.28"]
[Round "1"]
[White "Vervelle, Sebastien"]
[Black "Hedjazian, Kayhan"]
[Result "0-1"]
[WhiteElo "1843"]
[BlackElo "2087"]
[PlyCount "42"]
[EventDate "2008.07.28"]
[EventType "swiss"]
[EventRounds "9"]
[EventCountry "FRA"]
[SourceTitle "CBM 125 Extra"]
[Source "ChessBase"]
[SourceDate "2008.09.01"]
[SourceVersion "1"]
[SourceVersionDate "2008.09.01"]
[SourceQuality "1"]

1. e4 e6 2. d4 d5 3. e5 c5 4. c3 Nc6 5. Nf3 Qb6 6. a3 c4 7. Nbd2 Na5 8. Be2 Bd7 9. Nf1 Nb3 10. Rb1 f6 11. N3d2 Nxc1 12. Qxc1 fxe5 13. Nf3 exd4 14. cxd4 Nf6 15. Ng3 Bd6 16. 0-0 0-0 17. Qg5 Be8 18. Qe3 Bg6 19. Ra1 Ne4 20. Nxe4 Bxe4 21. Ng5 Bf4 0-1

[Event "Creon op 11th"]
[Site "Creon"]
[Date "2006.08.01"]
[Round "2"]
[White "Feit, Jean Luc"]
[Black "Vervelle, Sebastien"]
[Result "0-1"]
[WhiteElo "1620"]
[BlackElo "1905"]
[PlyCount "48"]
[EventDate "2006.07.31"]
[EventType "swiss"]
[EventRounds "9"]
[EventCountry "FRA"]
[SourceTitle "CBM 113 Extra"]
[Source "ChessBase"]
[SourceDate "2006.09.14"]
[SourceVersion "1"]
[SourceVersionDate "2006.09.14"]
[SourceQuality "1"]

1. e4 d5 2. exd5 Qxd5 3. Nc3 Qa5 4. d4 Nf6 5. Bd2 c6 6. Ne4 Qd8 7. Nxf6+ gxf6 8. c3 Bf5 9. Qb3 Qc7 10. g3 Nd7 11. 0-0-0 Bg7 12. h4 b5 13. Bg2 a5 14. Re1 Be6 15. d5 Nc5 16. Qc2 cxd5 17. Bf4 Qd7 18. Bh3 Bxh3 19. Nxh3 e5 20. f3 0-0 21. Bd2 Rfc8 22. Ng5 fxg5 23. hxg5 e4 24. fxe4 dxe4 0-1